TEXT BOOK OF PATHOLOGY (Record no. 16083)

MARC details
000 -LEADER
fixed length control field 00339nam a22001577a 4500
003 - CONTROL NUMBER IDENTIFIER
control field SGT
020 ## - INTERNATIONAL STANDARD BOOK NUMBER
International Standard Book Number 978-93-5270-547-4
082 ## - DEWEY DECIMAL CLASSIFICATION NUMBER
Classification number 616.17
Item number P19M
100 ## - MAIN ENTRY--PERSONAL NAME
Personal name MOHAN,HARSH
245 ## - TITLE STATEMENT
Title TEXT BOOK OF PATHOLOGY
250 ## - EDITION STATEMENT
Edition statement 8TH
260 ## - PUBLICATION, DISTRIBUTION, ETC. (IMPRINT)
Place of publication, distribution, etc NEW DELHI
Name of publisher, distributor, etc JAYPEE PUB
Year of Publication 2019
300 ## - PAGE DESCRIPTION
No. of Pages 1010
650 ## - SUBJECT ADDED ENTRY--TOPICAL TERM
Topical term or geographic name as entry element PHARMACY
942 ## - ADDED ENTRY ELEMENTS (KOHA)
Source of classification or shelving scheme Dewey Decimal Classification
Koha item type Books
942 ## - ADDED ENTRY ELEMENTS (KOHA)
-- 50
Holdings
Withdrawn status Lost status Source of classification or shelving scheme Damaged status Use restrictions Not for loan Collection code Home library Current library Shelving location Date acquired Vendor Name Cost, normal purchase price SGTU Bill Number Full call number Accession No. (Barcode) Date last seen Bill Date Koha item type Total Checkouts Date last borrowed Total Renewals Checked out
    Dewey Decimal Classification   Restricted Access   PHARMACY SGT FA-FP Library SGT FA-FP Library Reference Book 22/09/2018 AHUJA PUB 495.00 SGTU 10139 616.17 P19M FP3001 22/09/2018 15/09/2018 Books        
    Dewey Decimal Classification       PHARMACY SGT FA-FP Library SGT FA-FP Library Text Book 22/09/2018 AHUJA PUB 495.00 SGTU 10139 616.17 P19M FP3002 06/03/2024 15/09/2018 Books 13 21/02/2024    
    Dewey Decimal Classification       PHARMACY SGT FA-FP Library SGT FA-FP Library Text Book 22/09/2018 AHUJA PUB 495.00 SGTU 10139 616.17 P19M FP3003 21/08/2023 15/09/2018 Books 12 21/08/2023 1  
    Dewey Decimal Classification       PHARMACY SGT FA-FP Library SGT FA-FP Library Text Book 22/09/2018 AHUJA PUB 495.00 SGTU 10139 616.17 P19M FP3004 19/11/2025 15/09/2018 Books 16 19/11/2025    
    Dewey Decimal Classification       PHARMACY SGT FA-FP Library SGT FA-FP Library Text Book 22/09/2018 AHUJA PUB 495.00 SGTU 10139 616.17 P19M FP3005 10/09/2025 15/09/2018 Books 18 10/09/2025    
    Dewey Decimal Classification       PHARMACY SGT FA-FP Library SGT FA-FP Library Text Book 22/09/2018 AHUJA PUB 495.00 SGTU 10139 616.17 P19M FP3006 10/10/2022 15/09/2018 Books 13 10/10/2022 1  
    Dewey Decimal Classification       PHARMACY SGT FA-FP Library SGT FA-FP Library Text Book 22/09/2018 AHUJA PUB 495.00 SGTU 10139 616.17 P19M FP3007 20/08/2024 15/09/2018 Books 12 09/08/2024    
    Dewey Decimal Classification       PHARMACY SGT FA-FP Library SGT FA-FP Library Text Book 22/09/2018 AHUJA PUB 495.00 SGTU 10139 616.17 P19M FP3008 16/12/2021 15/09/2018 Books 8 01/12/2021    
  Long Overdue (Lost) Dewey Decimal Classification       PHARMACY SGT FA-FP Library SGT FA-FP Library Text Book 22/09/2018 AHUJA PUB 495.00 SGTU 10139 616.17 P19M FP3009 27/11/2019 15/09/2018 Books 2 27/11/2019   11/12/2019
    Dewey Decimal Classification       PHARMACY SGT FA-FP Library SGT FA-FP Library Text Book 22/09/2018 AHUJA PUB 495.00 SGTU 10139 616.17 P19M FP3010 13/04/2026 15/09/2018 Books 9 03/04/2026